000 00545nam a2200229Ia 4500
003 OSt
005 20220924152632.0
006 a|||||r|||| 00| 0
007 ta
008 220923b |||||||| |||| 00| 0 mar d
024 _a343475
037 _cTextual
040 _aARTS
_cARTS
_bmar
041 _2mar
_amar
082 _aY15:1:g, 155K2
100 _aShirsagar
_9227130
245 0 _aBayka
260 _c1962
650 _aSOCIOLOGY
942 _hY15:1:g, 155K2
_cTEXL
_2CC
999 _c470495
_d470495